000 00914nam a22002417a 4500
005 20170816113702.0
010 _aBAC-CH25
020 _a9780141346809
_c350.00
035 _aB-559978-013
035 _aG-002976
035 _aB-665023
037 _bBlue Berry/Ven
_adpl
082 _aN
100 _aRiordan, Rick
245 _aPercy Jackson :
_cby Rick Riordan
_band the lightning thief /
260 _aNew Delhi
_bPuffin Books
_c2013
270 _a11 Community Centre, Panchsheel Park
_bNew Delhi
_e10017 (India)
300 _a374p.
_c20cm(pbk)
942 _2ddc
_cCH
_mRIO
_hN
999 _c85693
_d85693